000 00709nam a2200229Ia 4500
003 OSt
005 20250220151355.0
008 008 250107s9999 xx 000 0 hin d
020 _a978-8122316674
037 _aTB
040 _aCRL
_bhin
_cCRL
041 _ahin
_2hin
084 _aΔ2:3 N8
084 _qCRL
100 _aसिंघल, रंजना रानी
_9729740
245 0 _aपुनर्जन्म मीमांसा
_cby सिंघल, रंजना रानी
260 _aनई दिल्ली, भारत
_bपुस्तक महल
300 _a211पृ0
365 _aINR
_b0
942 _cTB
_hΔ2:3 N8
_2CC
_n0
999 _c1234477
_d1234477